00730cam a22002657a 4500003000500000005001700005008004100022010001000063011001000073035001000083040000900093082001500102110004300117245001200160260002300172300001900195410000800214490005600222650003400278650003500312710004400347710000900391810000800400830005600408CHAP20220817041840.0971013s1979 r 10010 d a26443 a27415 a31516 cCHAP a641.1bC622 aFAO. Comisión del Codex Alimentarius 0aInforme aRoma :bFAO,c1979 apág. varía2 aFAO 0aPrograma conjunto FAO/OMS sobre normas alimentarias14aAlimentosxNormas de calidad.14aNutriciónxAmérica Latina.0 aFAO. Comisión del Codex Alimentarius.0 aFAO.0 aFAO0 aPrograma conjunto FAO/OMS sobre normas alimentarias